| Поле | Инд. | ПП | Название | Значение |
|---|---|---|---|---|
| Тип записи | a | |||
| Библиографический уровень | m | |||
| 001 | Контрольный номер | UNIDUBNA704bd73837d6454e8014c6add880727f | ||
| 005 | Дата корректировки | 20260413104119.8 | ||
| 020 | a | ISBN | 0-12-705550-9 | |
| 040 | b | Код языка каталог. | rus | |
| 041 | 0_ | a | Код языка текста | eng |
| 084 | a | Индекс другой классификации/Индекс ББК | 87 | |
| 090 | a | Полочн. индекс | 87 | |
| x | Авторский знак | T 99 | ||
| 100 | 1_ | a | Автор | Tyler S. A. |
| q | Полное имя | Tyler Stephen A. | ||
| u | Дополнение к имени | Тайлер С. А. | ||
| 245 | 10 | a | Заглавие | The Said and the Unsaid. Mind, Meaning, and Culture |
| 246 | 01 | a | Другая форма заглавия | Высказанное и невысказанное: Разум, смысл и культура |
| 260 | a | Место издания | New York | |
| b | Издательство | Academic Press | ||
| c | Дата издания | 1978 | ||
| 300 | a | Объем | 489 p. | |
| 336 | a | Термин вида содержания | Текст | |
| 337 | a | Термин типа средства | непосредственный | |
| 650 | 04 | a | Основная рубрика | философия |
| 653 | 0_ | a | Ключевые слова | ОКНОиЭК |
| 655 | a | Жанр/ форма (устаревшее) | научное издание | |
| 901 | t | Тип документа | m | |
| 952 | a | Тип литературы для КСУ ВШ | НАУ |